| 000 | 00389nam a2200181Ia 4500 | ||
|---|---|---|---|
| 005 | 20251020182536.0 | ||
| 008 | 200515s9999 xx 000 0 und d | ||
| 082 | _a72/B69 | ||
| 100 | _aBOIX, José | ||
| 245 | 0 | _aArquitectura actual | |
| 250 | _a13a ed. | ||
| 260 | _aBarcelona | ||
| 260 | _c1972 | ||
| 500 | _a1 ejemplar | ||
| 650 | _aARQUITECTURA | ||
| 650 | _aLIB | ||
| 942 | _cLIB | ||
| 999 |
_c2242 _d2242 |
||